000
00297nam a2200121Ia 4500
008
190216s9999||||xx |||||||||||||| ||und||
100
_a
Awapara J
245
0
_a
Introduction To Biological Chemistry
260
_b
Prentice Hall
_c
1974
300
_a
310p
650
_a
Chemistry-Chemistry
942
_c
BK
999
_c
2022
_d
2022